000 00271nam a22001217a 4500
008 240118b |||||||| |||| 00| 0 eng d
100 _aBare Act EBC
245 _aEmigration Act 1983
250 _a4th
260 _aLucknow
_bEBC
_c2023
300 _a49
942 _2ddc
_cBK
999 _c20405
_d20405